Logo BPK

Biblioteka

Politechniki Koszalińskiej

Issledovanie nekotorych voprosov transformacii potencialnych polej / (Rekord nr 14785)

Szczegóły MARC
000 -ETYKIETA REKORDU
podpole kontrolne o stałej długości 00479nam a2200169 i 4500
001 - NUMER KONTROLNY REKORDU
pole kontrolne bg
040 ## - ŹRÓDŁO KATALOGOWANIA
Instytucja, która utworzyła rekord BPK
041 ## - KOD JĘZYKA
Kod języka tekstu pol
080 ## - UNIWERSALNA KLASYFIKACJA DZIESIĘTNA - UKD
UKD 621.317
008 - POLE O STAŁEJ DŁUGOŚCI - DANE KONTROLNE
podpole kontrolne o stałej długości s pl f |000 0 pol
100 1# - NAZWA OSOBOWA
Nazwa osobowa ALEKSIDZE, M. A.
245 #0 - TYTUŁ/ODPOWIEDZIALNOŚĆ
Tytuł Issledovanie nekotorych voprosov transformacii potencialnych polej /
Pozostałe elementy strefy tytułu i oznaczenia odpowiedzialności M.A. Aleksidze, M.S. Gelasvili, K.M. Kartvelisvili.
260 ## - STREFA ADRESU WYDAWNICZEGO
Miejsce wydania Tbilisi,
Data publikacji, dystrybucji/powstania dokumentu 1972.
700 1# - HASŁO DODATKOWE - NAZWA OSOBOWA
Nazwa osobowa GELASVILI, M. S.
700 1# - HASŁO DODATKOWE - NAZWA OSOBOWA
Nazwa osobowa KARTVELISVILI, K. M.
856 ## - LOKALIZACJA I DOSTĘP DO ELEKTRONICZNYCH DOKUMENTÓW ZDALNYCH
Link (URL) http://koha.tu.koszalin.pl/cgi-bin/koha/opac-detail.pl?biblionumber=14785
Tekst linku Katalog online BPK
942 ## - DODATKOWE ELEMENTY (KOHA)
Typ dokumentu Książka
Egzemplarze
Wycofany Status egzemplarza Uszkodzony Dostępność Lokalizacja stała Lokalizacja bieżąca Miejsce przechowywania Sygnatura Kod kreskowy Typ dokumentu Numer ubytku
      Dostępny Biblioteka Politechniki Koszalińskiej Biblioteka Politechniki Koszalińskiej Wypożyczalnia BG 14761 01724936 Książka  
  Egz. niedostępny   Niedostępny Biblioteka Politechniki Koszalińskiej Biblioteka Politechniki Koszalińskiej   15357 01728422 Książka 8840
© 2023 Biblioteka Politechniki Koszalińskiej :: KOHA